| 000 | 00000nam 2200000za 4500 |
| 001 | 9.835864 |
| 003 | CaOODSP |
| 005 | 20221107150751 |
| 007 | cr ||||||||||| |
| 008 | 170505s1981 onc #ob f000 0 eng d |
| 040 | |aCaOODSP|beng |
| 043 | |an-cn--- |
| 086 | 1 |aR5-151/1981E-PDF |
| 245 | 00|aOperational planning, skills training |h[electronic resource] : |bsession guide. |
| 250 | |a2nd ed. |
| 260 | |a[Ottawa?] : |bIndian and Northern Affairs Canada, Band Training and Advisory Services Branch, |c1981. |
| 300 | |a139 p. |
| 500 | |a"First edition September 1981, Second edition October 1981." |
| 500 | |aIssued also in French under title: Formation en planification opérationnelle : manuel de l'instructeur. |
| 500 | |aDigitized edition from print [produced by Indigenous and Northern Affairs Canada]. |
| 504 | |aIncludes bibliographical references. |
| 520 | |a"The Program has undertaken the development of the package in the belief that operational planning is the cornerstone of the management process in Indian and Inuit affairs"--Foreword. |
| 692 | 07|2gccst|aAboriginal affairs |
| 692 | 07|2gccst|aOperations |
| 692 | 07|2gccst|aHandbooks |
| 710 | 1 |aCanada. |bIndian and Northern Affairs Canada. |
| 775 | 08|tFormation en planification opérationnelle |w(CaOODSP)9.854236 |
| 856 | 40|qPDF|s11.79 MB|uhttps://publications.gc.ca/collections/collection_2017/aanc-inac/R5-151-1981-eng.pdf |